=LDR 00000nam 2200000 4500 =001 INLIS000000000024701 =005 20130612123253 =008 ***********************************Ind** =035 ##$$0010-061300000024701 =041 ##$$a Ind =082 ##$$a 372.8 =090 ##$$a 372.8, Mas p =100 ##$$a Mastur =245 ##$$a Pengetahwan sosial, Mastur =260 ##$$a 2004 $b Semarang =300 ##$$a 181 hlm, ilus, 28 cm =650 ##$$a Sosial =850 ##$$a NBPNMAT